Group theory and its applications /

Bibliographic Details
Other Authors: Loebl, Ernest M., 1923- (Compiler)
Format: Book
Language:English
Published: New York : Academic Press, 1968-75.
Subjects:

MARC

Tag First Indicator Second Indicator Subfields
LEADER 00000cam a22000001 4500
001 in00000020226
005 20151007053845.0
008 711005m19681975nyua b 00010 eng
010 |a  67023166  
020 |a 012455153X (v. 3) 
035 |a (OCoLC)00285191 
035 |9 AAB3064AM 
040 |a DLC  |c DLC  |d TXA  |d UtOrBLW 
049 |a TXAM  |v 1 [801301]  |c 2  |v 1 [1571919]  |v 3 [1571920] 
050 0 0 |a QA171  |b .L79 
082 0 |a 512/.2 
100 1 |a Loebl, Ernest M.,  |d 1923-  |e compiler. 
245 1 0 |a Group theory and its applications /  |c Edited by Ernest M. Loebl. 
264 1 |a New York :  |b Academic Press,  |c 1968-75. 
300 |a 3 volumes :  |b illustrations ;  |c 24 cm. 
336 |a text  |b txt  |2 rdacontent 
337 |a unmediated  |b n  |2 rdamedia 
338 |a volume  |b nc  |2 rdacarrier 
504 |a Includes bibliographies. 
650 0 |a Group theory. 
650 0 |a Mathematical physics. 
999 |a MARS 
999 f f |s c4fadd9a-f26f-3885-b74a-8ce7e37ff4a1  |i 44fc5e44-cdeb-3182-905b-6bb341db14c5  |t 0 
952 f f |p ric  |a Texas A&M University  |b Rellis Campus  |c Joint Library Facility  |s JLF  |d Remote Storage  |t 0  |e QA171 .L79  |h Library of Congress classification  |i unmediated -- volume  |k v.2  |m A14811533607 
952 f f |p ric  |a Texas A&M University  |b Rellis Campus  |c Joint Library Facility  |s JLF  |d Remote Storage  |t 0  |e QA171 .L79  |h Library of Congress classification  |i unmediated -- volume  |k v.1  |m A14811533500 
998 f f |a QA171 .L79  |s v.1-2  |t 0  |l Remote Storage